[Event "Open 2004 des PSV Rostock"]
[Site "Rostock"]
[Date "2004.08.27"]
[Round "4.3"]
[White "Drill, Frank"]
[Black "Rudolf, Henrik"]
[Result "1/2-1/2"]
[WhiteElo "2175"]
[BlackElo "2322"]
[PlyCount "37"]
[EventDate "2004.08.26"]
[EventType "swiss"]
[EventRounds "7"]
[EventCountry "GER"]
[Source "Th. Schwetlick"]
[SourceDate "2004.09.01"]

1. d4 Nf6 2. Bg5 d5 3. Nc3 Nbd7 4. Qd3 c6 5. e4 dxe4 6. Nxe4 Nxe4 7. Qxe4 Qb6
8. O-O-O Qa5 9. Nf3 Qxa2 10. Nd2 Nf6 11. Bxf6 Qa1+ 12. Nb1 gxf6 13. Bc4 Bd7 14.
Rhe1 e6 15. Qh4 Be7 16. Qh5 O-O-O 17. Qxf7 Bd6 18. g3 Rhf8 19. Qh5 1/2-1/2

[Event "Open 2004 des PSV Rostock"]
[Site "Rostock"]
[Date "2004.08.27"]
[Round "4.4"]
[White "Weglarz, Leszek"]
[Black "Zimmermann, Hendrik"]
[Result "1/2-1/2"]
[WhiteElo "2305"]
[BlackElo "2105"]
[PlyCount "72"]
[EventDate "2004.08.26"]
[EventType "swiss"]
[EventRounds "7"]
[EventCountry "GER"]
[Source "Th. Schwetlick"]
[SourceDate "2004.09.01"]

1. Nf3 f5 2. d3 d6 3. e4 e5 4. exf5 Nc6 5. Be2 Bxf5 6. O-O Nf6 7. c4 Be7 8. Nc3
O-O 9. d4 exd4 10. Nxd4 Nxd4 11. Qxd4 Kh8 12. Be3 c6 13. Rfe1 Qa5 14. g4 Bg6
15. g5 Nd7 16. h4 Qe5 17. Rad1 a6 18. Qxe5 Nxe5 19. f4 Nf7 20. Bg4 h5 21. Bh3
Bh7 22. Kh2 b5 23. Bd4 Bd8 24. Ne2 Ba5 25. Rg1 c5 26. g6 cxd4 27. gxh7 Nh6 28.
cxb5 axb5 29. Rg5 Bd8 30. Rxh5 Rxa2 31. Rxb5 Bxh4 32. Rxd4 Bf6 33. Rxd6 Rxb2
34. Rxb2 Bxb2 35. Rc6 Kxh7 36. Rc8 Rxc8 1/2-1/2

[Event "Open 2004 des PSV Rostock"]
[Site "Rostock"]
[Date "2004.08.27"]
[Round "4.5"]
[White "Helms, Sven"]
[Black "Gottschalk, Jens"]
[Result "1/2-1/2"]
[WhiteElo "2164"]
[BlackElo "2239"]
[PlyCount "63"]
[EventDate "2004.08.26"]
[EventType "swiss"]
[EventRounds "7"]
[EventCountry "GER"]
[Source "Th. Schwetlick"]
[SourceDate "2004.09.01"]

1. d4 Nf6 2. c4 c5 3. Nf3 g6 4. g3 Bg7 5. Bg2 O-O 6. O-O cxd4 7. Nxd4 Nc6 8.
Nc3 Qb6 9. Nb3 d6 10. Bg5 Be6 11. Nd5 Bxd5 12. cxd5 Ne5 13. Be3 Qb5 14. Bd4
Nfd7 15. e4 Qd3 16. f4 Qxd1 17. Rfxd1 Nc4 18. Bxg7 Kxg7 19. Nd4 Nc5 20. b4 Na4
21. Rdc1 Nab6 22. a4 a5 23. Bf1 Rfc8 24. Bh3 Re8 25. Nb5 axb4 26. Nc7 b3 27.
Nxe8+ Rxe8 28. Rab1 b2 29. Rc2 Ra8 30. Rcxb2 Nxb2 31. Rxb2 Nxa4 32. Rxb7
1/2-1/2

[Event "Open 2004 des PSV Rostock"]
[Site "Rostock"]
[Date "2004.08.27"]
[Round "4.6"]
[White "Ruebensam, Helmut"]
[Black "Scholz, Alexander"]
[Result "1/2-1/2"]
[WhiteElo "2184"]
[BlackElo "2084"]
[PlyCount "57"]
[EventDate "2004.08.26"]
[EventType "swiss"]
[EventRounds "7"]
[EventCountry "GER"]
[Source "Th. Schwetlick"]
[SourceDate "2004.09.01"]

1. e4 e6 2. d4 d5 3. Nc3 Bb4 4. Nge2 Nf6 5. Bg5 Be7 6. Bxf6 Bxf6 7. g3 c5 8.
exd5 exd5 9. Bg2 cxd4 10. Nxd5 Nc6 11. Qd3 O-O 12. O-O Bg4 13. f4 Re8 14. Rfe1
Re6 15. h3 Bxe2 16. Rxe2 Rd6 17. Rae1 g6 18. Qb5 Kg7 19. Nxf6 Qxf6 20. Qxb7 Rb8
21. Qc7 Rxb2 22. a3 d3 23. cxd3 Qd4+ 24. Kh2 Rxe2 25. Rxe2 Qxd3 26. Rb2 Nd4 27.
Qxa7 Nf5 28. Qf2 Qxa3 29. Ra2 1/2-1/2

[Event "Open 2004 des PSV Rostock"]
[Site "Rostock"]
[Date "2004.08.27"]
[Round "4.7"]
[White "Kramps, Rene"]
[Black "Kliewe, Hans Juergen"]
[Result "0-1"]
[WhiteElo "2010"]
[BlackElo "2178"]
[PlyCount "50"]
[EventDate "2004.08.26"]
[EventType "swiss"]
[EventRounds "7"]
[EventCountry "GER"]
[Source "Th. Schwetlick"]
[SourceDate "2004.09.01"]

1. e4 e6 2. d3 d5 3. Nd2 c5 4. Ngf3 Nc6 5. g3 Nf6 6. Bg2 dxe4 7. dxe4 Qc7 8.
O-O Be7 9. h3 O-O 10. Nh2 e5 11. f4 b6 12. f5 Ba6 13. Re1 Rad8 14. Ng4 Nxg4 15.
hxg4 Bg5 16. Bf1 Bxf1 17. Rxf1 Qd6 18. Rf3 Qd4+ 19. Kf1 Qxe4 20. Qe1 Qxg4 21.
Kg2 Nd4 22. Rc3 Nxf5 23. Ne4 Bxc1 24. Rxc1 Nh4+ 25. Kf2 f5 0-1

[Event "Open 2004 des PSV Rostock"]
[Site "Rostock"]
[Date "2004.08.27"]
[Round "4.8"]
[White "Porsch, Harald"]
[Black "Schroeder, Christian"]
[Result "1-0"]
[WhiteElo "2238"]
[BlackElo "2100"]
[PlyCount "129"]
[EventDate "2004.08.26"]
[EventType "swiss"]
[EventRounds "7"]
[EventCountry "GER"]
[Source "Th. Schwetlick"]
[SourceDate "2004.09.01"]

1. e4 c5 2. Nf3 d6 3. d4 cxd4 4. Nxd4 a6 5. c4 g6 6. Nc3 Bg7 7. Be3 Nc6 8. Be2
Nf6 9. O-O O-O 10. Rc1 Bd7 11. b3 Rc8 12. f3 Qa5 13. Qd2 Nxd4 14. Bxd4 Bc6 15.
Rfd1 Kh8 16. Be3 Nd7 17. Qb2 b5 18. b4 Qc7 19. Qb3 Qb7 20. cxb5 axb5 21. Nd5
Bxd5 22. Rxd5 Rxc1+ 23. Bxc1 Rc8 24. Rd1 Ne5 25. Be3 Kg8 26. Qd5 Qxd5 27. Rxd5
Nc4 28. Bg5 f6 29. Bd2 Ra8 30. Bxc4 bxc4 31. Ra5 Rxa5 32. bxa5 f5 33. Be3 f4
34. Bxf4 Bd4+ 35. Kf1 e5 36. Bc1 Kf7 37. Ke2 Ke6 38. a6 Kd7 39. f4 Kc6 40. f5
gxf5 41. exf5 e4 42. g4 d5 43. h4 Be5 44. g5 d4 45. h5 d3+ 46. Kd1 Bd4 47. f6
e3 48. f7 e2+ 49. Ke1 Bc3+ 50. Bd2 Bxd2+ 51. Kxd2 c3+ 52. Kxd3 e1=Q 53. f8=Q
Qd2+ 54. Kc4 Qxa2+ 55. Kxc3 Qa5+ 56. Qb4 Qe5+ 57. Kb3 Qxg5 58. a7 Qe3+ 59. Qc3+
Qxc3+ 60. Kxc3 Kb7 61. Kd4 Kxa7 62. Ke5 Kb7 63. Kf6 Kc7 64. Kg7 Kd7 65. Kxh7
1-0

[Event "Open 2004 des PSV Rostock"]
[Site "Rostock"]
[Date "2004.08.27"]
[Round "4.10"]
[White "Von Rahden, Arvid"]
[Black "Schuetze, Tonio"]
[Result "1/2-1/2"]
[WhiteElo "2145"]
[BlackElo "2063"]
[PlyCount "40"]
[EventDate "2004.08.26"]
[EventType "swiss"]
[EventRounds "7"]
[EventCountry "GER"]
[Source "Th. Schwetlick"]
[SourceDate "2004.09.01"]

1. e4 c5 2. Nc3 Nc6 3. g3 g6 4. Bg2 Bg7 5. d3 d6 6. f4 e6 7. Nf3 Nge7 8. O-O
O-O 9. Ne2 Qb6 10. c3 Bd7 11. Qc2 Rac8 12. Be3 Nd4 13. Qd2 Nxe2+ 14. Qxe2 Bb5
15. c4 Bc6 16. Rab1 a5 17. b3 Qc7 18. a4 b6 19. Rbd1 Rce8 20. Qc2 Qb7 1/2-1/2

[Event "Open 2004 des PSV Rostock"]
[Site "Rostock"]
[Date "2004.08.27"]
[Round "4.11"]
[White "Hellmann, Norbert"]
[Black "Brack, Peter"]
[Result "0-1"]
[WhiteElo "2137"]
[BlackElo "1918"]
[PlyCount "108"]
[EventDate "2004.08.26"]
[EventType "swiss"]
[EventRounds "7"]
[EventCountry "GER"]
[Source "Th. Schwetlick"]
[SourceDate "2004.09.01"]

1. e4 e6 2. Nc3 d5 3. d3 Nf6 4. Bd2 Be7 5. Nf3 b6 6. Be2 Bb7 7. exd5 Nxd5 8.
O-O O-O 9. Nxd5 Bxd5 10. c4 Bb7 11. Qc2 c5 12. b4 Nc6 13. b5 Nd4 14. Nxd4 Qxd4
15. Bc3 Qh4 16. f4 Bf6 17. Bf3 Rab8 18. Bxb7 Rxb7 19. Rf3 Bxc3 20. Qxc3 Rd8 21.
Qe5 Rbd7 22. Rg3 g6 23. Rh3 Qe7 24. Qe2 Qf6 25. Rf1 Rd4 26. Rhf3 Qf5 27. Rd1
Rxf4 28. Rdf1 Rdd4 29. g3 Rxf3 30. Rxf3 Qg5 31. a4 h5 32. a5 h4 33. axb6 axb6
34. Qa2 Qc1+ 35. Kg2 h3+ 36. Kxh3 Rxd3 37. Rf2 Ra3 38. Qe2 Qe3 39. Qf1 f5 40.
Re2 Qd3 41. Qe1 Qxc4 42. Rxe6 Qg4+ 43. Kg2 Ra2+ 44. Kg1 Qd4+ 45. Qe3 Qxe3+ 46.
Rxe3 Kf7 47. Rb3 c4 48. Rc3 Ra4 49. Kf2 Ke6 50. h4 Rb4 51. Re3+ Kd5 52. Re8 c3
53. Rd8+ Ke4 54. Ke2 Rxb5 0-1

[Event "Open 2004 des PSV Rostock"]
[Site "Rostock"]
[Date "2004.08.27"]
[Round "4.13"]
[White "Kutschke, Peter"]
[Black "Giese, Guido"]
[Result "1/2-1/2"]
[WhiteElo "2128"]
[BlackElo "2031"]
[PlyCount "23"]
[EventDate "2004.08.26"]
[EventType "swiss"]
[EventRounds "7"]
[EventCountry "GER"]
[Source "Th. Schwetlick"]
[SourceDate "2004.09.01"]

1. e4 g6 2. c4 Bg7 3. Nc3 d6 4. Nge2 e5 5. g3 c6 6. Bg2 Be6 7. d3 Nf6 8. O-O
O-O 9. h3 Ne8 10. Kh2 Nd7 11. f4 f5 12. Be3 1/2-1/2

[Event "Open 2004 des PSV Rostock"]
[Site "Rostock"]
[Date "2004.08.27"]
[Round "4.14"]
[White "Jeske, Holger"]
[Black "Miersch, Marco"]
[Result "0-1"]
[WhiteElo "1867"]
[BlackElo "2176"]
[PlyCount "98"]
[EventDate "2004.08.26"]
[EventType "swiss"]
[EventRounds "7"]
[EventCountry "GER"]
[Source "Th. Schwetlick"]
[SourceDate "2004.09.01"]

1. d4 Nf6 2. c4 e6 3. Nc3 b6 4. e4 d6 5. Bg5 Be7 6. f4 Bb7 7. d5 Nbd7 8. Nf3
O-O 9. Bd3 h6 10. Bxf6 Bxf6 11. O-O Nc5 12. Bc2 Bxc3 13. bxc3 Ba6 14. Qd4 exd5
15. exd5 Re8 16. Rfe1 Qd7 17. f5 Rxe1+ 18. Rxe1 Re8 19. Kf2 Rxe1 20. Nxe1 Qe7
21. Nf3 Nd7 22. Ba4 Nf6 23. Bc2 Nd7 24. Ba4 Ne5 25. Nxe5 Qxe5 26. Qxe5 dxe5 27.
Bb5 Bc8 28. g4 Kf8 29. c5 bxc5 30. Bd3 Ke7 31. c4 Kd6 32. Ke3 Bb7 33. h4 c6 34.
dxc6 Bxc6 35. g5 f6 36. gxh6 gxh6 37. Bc2 Bg2 38. Kf2 Bh3 39. Be4 Kc7 40. Kg3
Bf1 41. Bd5 Kb6 42. Kf2 Bd3 43. Be6 Ka5 44. Ke3 Bb1 45. Kf3 Bxa2 46. Kg4 Kb4
47. Kh5 e4 48. Bd5 e3 49. Bf3 Bxc4 0-1

[Event "Open 2004 des PSV Rostock"]
[Site "Rostock"]
[Date "2004.08.27"]
[Round "4.15"]
[White "Schulz, Michael"]
[Black "Wiese, Frank"]
[Result "1-0"]
[WhiteElo "2247"]
[BlackElo "1902"]
[PlyCount "43"]
[EventDate "2004.08.26"]
[EventType "swiss"]
[EventRounds "7"]
[EventCountry "GER"]
[Source "Th. Schwetlick"]
[SourceDate "2004.09.01"]

1. d4 Nf6 2. Bg5 Ne4 3. Bf4 d5 4. f3 Nd6 5. Nc3 c6 6. e4 dxe4 7. fxe4 e6 8. Nf3
Be7 9. Bd3 O-O 10. Bxd6 Qxd6 11. e5 Qb4 12. h4 f5 13. exf6 gxf6 14. Qd2 Qxb2
15. Rb1 Qa3 16. Rb3 Qa5 17. Qh6 Rf7 18. Kd1 b5 19. Ng5 fxg5 20. hxg5 Bxg5 21.
Bxh7+ Rxh7 22. Qg6+ 1-0

[Event "Open 2004 des PSV Rostock"]
[Site "Rostock"]
[Date "2004.08.27"]
[Round "4.16"]
[White "Calder, Dennis"]
[Black "Bahr, Enrico"]
[Result "1/2-1/2"]
[WhiteElo "2102"]
[BlackElo "1893"]
[PlyCount "51"]
[EventDate "2004.08.26"]
[EventType "swiss"]
[EventRounds "7"]
[EventCountry "GER"]
[Source "Th. Schwetlick"]
[SourceDate "2004.09.01"]

1. d4 Nf6 2. Bg5 d5 3. Nf3 c6 4. Bxf6 exf6 5. e3 Qb6 6. Qc1 Na6 7. Nbd2 Bf5 8.
Nh4 Bg4 9. h3 Be6 10. c3 Bd6 11. Bd3 g6 12. Qc2 Rc8 13. b4 Nc7 14. O-O O-O 15.
Nb3 Rcd8 16. a4 Ne8 17. Nc5 Bc8 18. e4 Bb8 19. Nf3 dxe4 20. Nxe4 Kg7 21. a5 Qc7
22. Rad1 Nd6 23. Rfe1 Rfe8 24. Nxd6 Qxd6 25. Bf1 Qf4 26. Qd2 1/2-1/2

[Event "Open 2004 des PSV Rostock"]
[Site "Rostock"]
[Date "2004.08.27"]
[Round "4.17"]
[White "Zur, Jan"]
[Black "Reschke, Heiko"]
[Result "0-1"]
[WhiteElo "1840"]
[BlackElo "2085"]
[PlyCount "100"]
[EventDate "2004.08.26"]
[EventType "swiss"]
[EventRounds "7"]
[EventCountry "GER"]
[Source "Th. Schwetlick"]
[SourceDate "2004.09.01"]

1. e4 c6 2. d4 d5 3. Nc3 g6 4. Be3 Bg7 5. e5 f6 6. f4 Nh6 7. h3 O-O 8. Qd2 b6
9. g4 Nf7 10. Nf3 a5 11. Ne2 fxe5 12. Nxe5 Nxe5 13. fxe5 Na6 14. h4 Bxg4 15.
Rg1 Bf5 16. Ng3 e6 17. Nxf5 exf5 18. Bg5 Qe8 19. O-O-O Nc7 20. Be2 Ne6 21. h5
Nxd4 22. Qxd4 Qxe5 23. Qxe5 Bxe5 24. hxg6 hxg6 25. Be3 Kf7 26. b3 Rfe8 27. Kb1
b5 28. Bg5 a4 29. Bxb5 axb3 30. cxb3 cxb5 31. Rxd5 b4 32. Rh1 Bc3 33. Rd7+ Ke6
34. Rb7 Ra6 35. Rh3 Kd5 36. Rd3+ Kc6 37. Rbd7 Re1+ 38. Bc1 Be5 39. Re7 Kc5 40.
Re8 Rc6 41. Re3 Rxe3 42. Bxe3+ Kd5 43. Rd8+ Ke4 44. Bd2 Rd6 45. Rxd6 Bxd6 46.
Kc2 f4 47. Kd1 g5 48. Ke1 g4 49. Kf1 g3 50. Be1 f3 0-1

[Event "Open 2004 des PSV Rostock"]
[Site "Rostock"]
[Date "2004.08.27"]
[Round "4.18"]
[White "Kolbe, Jana"]
[Black "Wiecker, Stefan"]
[Result "0-1"]
[WhiteElo "2072"]
[BlackElo "1740"]
[PlyCount "54"]
[EventDate "2004.08.26"]
[EventType "swiss"]
[EventRounds "7"]
[EventCountry "GER"]
[Source "Th. Schwetlick"]
[SourceDate "2004.09.01"]

1. d4 c6 2. c4 d5 3. Nc3 Nf6 4. Nf3 e6 5. Bg5 Be7 6. e3 Nbd7 7. Qc2 h6 8. Bh4
dxc4 9. Bxc4 O-O 10. a3 Nd5 11. Bxe7 Qxe7 12. O-O Nxc3 13. Qxc3 b6 14. Rac1 Bb7
15. Ba2 Rfc8 16. Qd3 c5 17. Qe2 Qf6 18. Rfd1 cxd4 19. Nxd4 Ne5 20. f4 Nc6 21.
Nxc6 Rxc6 22. Rxc6 Bxc6 23. Qd2 Rc8 24. Qd6 Be4 25. Qb4 Qg6 26. g3 Qh5 27. Rf1
Rc2 0-1

[Event "Open 2004 des PSV Rostock"]
[Site "Rostock"]
[Date "2004.08.27"]
[Round "4.19"]
[White "Herde, Dittmar"]
[Black "Onasch, Paul"]
[Result "1/2-1/2"]
[WhiteElo "2022"]
[BlackElo "1690"]
[PlyCount "31"]
[EventDate "2004.08.26"]
[EventType "swiss"]
[EventRounds "7"]
[EventCountry "GER"]
[Source "Th. Schwetlick"]
[SourceDate "2004.09.01"]

1. d4 Nf6 2. c4 e6 3. Nc3 d5 4. Bg5 Be7 5. e3 c6 6. Nf3 O-O 7. Bd3 dxc4 8. Bxc4
Nbd7 9. O-O Nd5 10. Bxe7 Qxe7 11. e4 Nxc3 12. bxc3 e5 13. Qc2 exd4 14. cxd4 Nb6
15. Bb3 Be6 16. Bxe6 1/2-1/2

[Event "Open 2004 des PSV Rostock"]
[Site "Rostock"]
[Date "2004.08.27"]
[Round "4.20"]
[White "Luetje, Juergen"]
[Black "Loeke, Patrick"]
[Result "1/2-1/2"]
[WhiteElo "1995"]
[BlackElo "1666"]
[PlyCount "58"]
[EventDate "2004.08.26"]
[EventType "swiss"]
[EventRounds "7"]
[EventCountry "GER"]
[Source "Th. Schwetlick"]
[SourceDate "2004.09.01"]

1. d4 d5 2. Nf3 c6 3. e3 Nf6 4. c4 e6 5. Nc3 Bd6 6. cxd5 exd5 7. Qc2 Bg4 8. Ne5
Bh5 9. Bd3 Bg6 10. f4 Bxd3 11. Qxd3 Bb4 12. Bd2 Bxc3 13. bxc3 Ne4 14. O-O Nd7
15. c4 Nxd2 16. Qxd2 Nxe5 17. fxe5 dxc4 18. a4 b5 19. axb5 cxb5 20. Ra6 O-O 21.
Rb1 Qd7 22. d5 Qf5 23. Rxb5 Qxe5 24. Rc5 Rfd8 25. Rxc4 Rxd5 26. Rxa7 Qa1+ 27.
Rxa1 Rxa1+ 28. Rc1 Rxd2 29. Rxa1 g6 1/2-1/2

[Event "Open 2004 des PSV Rostock"]
[Site "Rostock"]
[Date "2004.08.27"]
[Round "4.21"]
[White "Prueter, Reinhard"]
[Black "Bauer, Burkhardt"]
[Result "0-1"]
[WhiteElo "1637"]
[BlackElo "1977"]
[PlyCount "58"]
[EventDate "2004.08.26"]
[EventType "swiss"]
[EventRounds "7"]
[EventCountry "GER"]
[Source "Th. Schwetlick"]
[SourceDate "2004.09.01"]

1. e4 c5 2. Nf3 Nc6 3. Nc3 e6 4. d4 cxd4 5. Nxd4 a6 6. Be3 Qc7 7. Qd2 b5 8. a3
Bb7 9. Be2 Nf6 10. f4 Nxd4 11. Qxd4 Rc8 12. Bf3 h5 13. h3 h4 14. Rd1 Bxa3 15.
Nxb5 axb5 16. bxa3 O-O 17. O-O d5 18. e5 Ne4 19. Bxe4 dxe4 20. Rfe1 Rfd8 21.
Qb6 Qxb6 22. Bxb6 Rxd1 23. Rxd1 Rxc2 24. Be3 Re2 25. Bf2 e3 26. Rd8+ Kh7 27.
Bxh4 Rxg2+ 28. Kf1 Rh2 29. Rd7 Bf3 0-1

[Event "Open 2004 des PSV Rostock"]
[Site "Rostock"]
[Date "2004.08.27"]
[Round "4.22"]
[White "Knoblauch, Raphael"]
[Black "Boettcher, Patrick"]
[Result "1/2-1/2"]
[WhiteElo "1609"]
[BlackElo "1949"]
[PlyCount "46"]
[EventDate "2004.08.26"]
[EventType "swiss"]
[EventRounds "7"]
[EventCountry "GER"]
[Source "Th. Schwetlick"]
[SourceDate "2004.09.01"]

1. d4 Nf6 2. c4 g6 3. Nc3 Bg7 4. e4 d6 5. f3 O-O 6. Be3 Nc6 7. Qd2 a6 8. d5 Ne5
9. Bh6 c6 10. Bxg7 Kxg7 11. Be2 cxd5 12. cxd5 b5 13. f4 Ned7 14. Bf3 Bb7 15.
Nge2 Nb6 16. b3 b4 17. Nd1 a5 18. O-O Ba6 19. Ne3 Nbd7 20. Rfc1 Qb6 21. Rc6 Qa7
22. Rac1 Rfc8 23. Qd4 Qxd4 1/2-1/2

[Event "Open 2004 des PSV Rostock"]
[Site "Rostock"]
[Date "2004.08.27"]
[Round "4.23"]
[White "Seiler, Dirk"]
[Black "Henschke, Andrea"]
[Result "1-0"]
[WhiteElo "1924"]
[BlackElo "1600"]
[PlyCount "40"]
[EventDate "2004.08.26"]
[EventType "swiss"]
[EventRounds "7"]
[EventCountry "GER"]
[Source "Th. Schwetlick"]
[SourceDate "2004.09.01"]

1. d4 f5 2. c4 Nf6 3. Nf3 e6 4. g3 d5 5. Bg2 c6 6. O-O Bd6 7. Nbd2 Nbd7 8. Qc2
Nf8 9. Ne5 Qc7 10. f4 h6 11. Ndf3 Ne4 12. Be3 Qe7 13. Rac1 g5 14. cxd5 exd5 15.
Nxc6 Qg7 16. Nce5 Ne6 17. Qa4+ Ke7 18. fxg5 hxg5 19. Rxc8 Rhxc8 20. Qd7+ Kf8
1-0

[Event "Open 2004 des PSV Rostock"]
[Site "Rostock"]
[Date "2004.08.27"]
[Round "4.24"]
[White "Jaeger, Frank"]
[Black "Schmidt, Wolfgang"]
[Result "1-0"]
[WhiteElo "1711"]
[BlackElo "1859"]
[PlyCount "78"]
[EventDate "2004.08.26"]
[EventType "swiss"]
[EventRounds "7"]
[EventCountry "GER"]
[Source "Th. Schwetlick"]
[SourceDate "2004.09.01"]

1. e4 c5 2. Nf3 e6 3. d4 cxd4 4. Nxd4 Bc5 5. Be3 Qb6 6. Nc3 Nc6 7. Na4 Qa5+ 8.
c3 Bxd4 9. Bxd4 Nxd4 10. Qxd4 Nf6 11. Nc5 O-O 12. e5 Ne8 13. Bd3 f5 14. O-O Qc7
15. Bc2 b6 16. Nb3 Bb7 17. f4 Rd8 18. Qe3 d5 19. Nd4 Qd7 20. Rf3 g6 21. Rg3 Ng7
22. Bd1 Rc8 23. Be2 a6 24. Qd2 Qc7 25. h4 Kf7 26. h5 Rg8 27. h6 Nh5 28. Rh3 Qc5
29. Kh2 Qf8 30. Bxh5 gxh5 31. Rxh5 Rg6 32. Nxf5 d4 33. Nd6+ Kg8 34. Nxb7 Rxh6
35. Rxh6 Qxh6+ 36. Kg1 Rf8 37. Rf1 Rf5 38. Qxd4 Qg6 39. Qxb6 Qg3 1-0

[Event "Open 2004 des PSV Rostock"]
[Site "Rostock"]
[Date "2004.08.27"]
[Round "4.25"]
[White "Micheel, Peter"]
[Black "Miedeck, Franz"]
[Result "0-1"]
[WhiteElo "1844"]
[BlackElo "1709"]
[PlyCount "77"]
[EventDate "2004.08.26"]
[EventType "swiss"]
[EventRounds "7"]
[EventCountry "GER"]
[Source "Th. Schwetlick"]
[SourceDate "2004.09.01"]

1. e4 c5 2. c3 e5 3. Bc4 Nc6 4. a4 d6 5. d3 Nf6 6. Nf3 Be7 7. Bg5 O-O 8. O-O
Bg4 9. Nbd2 h6 10. Bh4 a6 11. Re1 Rb8 12. Nf1 b5 13. axb5 axb5 14. Bb3 b4 15.
Ba4 Na5 16. Ne3 Bh5 17. Nf5 Kh7 18. c4 g6 19. Ng3 Bxf3 20. Qxf3 g5 21. Qf5+ Kh8
22. Bxg5 hxg5 23. Qxg5 Rg8 24. Qh6+ Nh7 25. Qh5 Qf8 26. Nf5 Rg5 27. Qh3 Nb7 28.
Bc6 Nd8 29. Bd5 Ne6 30. Ra7 Nf4 31. Qf3 Nxg2 32. Qxg2 Rxg2+ 33. Kxg2 Bf6 34.
Rxf7 Qg8+ 35. Kf1 Qg4 36. Ra1 Rf8 37. Rd7 Qh3+ 38. Ke2 Ng5 39. Ng3 0-1

[Event "Open 2004 des PSV Rostock"]
[Site "Rostock"]
[Date "2004.08.27"]
[Round "4.26"]
[White "Vladov, Mark"]
[Black "Laser, Dirk"]
[Result "1/2-1/2"]
[WhiteElo "1689"]
[BlackElo "1822"]
[PlyCount "22"]
[EventDate "2004.08.26"]
[EventType "swiss"]
[EventRounds "7"]
[EventCountry "GER"]
[Source "Th. Schwetlick"]
[SourceDate "2004.09.01"]

1. d4 Nf6 2. c4 g6 3. Nc3 Bg7 4. e4 d6 5. f3 O-O 6. Be3 Nc6 7. Qd2 e5 8. d5 Nd4
9. Nge2 c5 10. dxc6 Nxc6 11. g4 Be6 1/2-1/2

[Event "Open 2004 des PSV Rostock"]
[Site "Rostock"]
[Date "2004.08.27"]
[Round "4.27"]
[White "Worm, Alfred"]
[Black "Hamann, Dirk"]
[Result "0-1"]
[WhiteElo "1643"]
[BlackElo "1818"]
[PlyCount "114"]
[EventDate "2004.08.26"]
[EventType "swiss"]
[EventRounds "7"]
[EventCountry "GER"]
[Source "Th. Schwetlick"]
[SourceDate "2004.09.01"]

1. e4 e5 2. Nc3 Nf6 3. f4 d5 4. fxe5 Nxe4 5. Nf3 Nxc3 6. bxc3 Be7 7. d4 O-O 8.
Be3 f6 9. exf6 Bxf6 10. Be2 Qe7 11. Qd2 Re8 12. Kf2 Bf5 13. Bd3 Bxd3 14. cxd3
Nc6 15. Rhe1 Qf7 16. Kg1 h6 17. Re2 Re7 18. Rae1 Rae8 19. Qb2 Nd8 20. Bf2 Rxe2
21. Rxe2 Rxe2 22. Qxe2 Qe6 23. Qxe6+ Nxe6 24. Bg3 c5 25. Be5 cxd4 26. cxd4 Kf7
27. Kf2 Nd8 28. Ke3 Nc6 29. Kd2 Ke6 30. Bxf6 Kxf6 31. a3 h5 32. Ke3 g5 33. h4
gxh4 34. Nxh4 Kg5 35. Nf3+ Kf5 36. Ng1 Kg4 37. Ne2 Ne7 38. Kf2 h4 39. Ng1 b5
40. Nf3 a5 41. Nd2 b4 42. a4 Nc6 43. Nb3 Kf4 44. Ke2 Kg3 45. Kf1 h3 46. gxh3
Kxh3 47. Kf2 Kg4 48. Ke3 Kg3 49. Ke2 Kg2 50. Ke3 Kf1 51. Kd2 Kf2 52. Kc2 Ke3
53. Nc1 Nxd4+ 54. Kb2 Kd2 55. Na2 Kxd3 56. Nxb4+ axb4 57. a5 Kc4 0-1

[Event "Open 2004 des PSV Rostock"]
[Site "Rostock"]
[Date "2004.08.27"]
[Round "4.28"]
[White "Rath, Wolfgang"]
[Black "Krueger, Alexander"]
[Result "0-1"]
[WhiteElo "1642"]
[BlackElo "1768"]
[PlyCount "28"]
[EventDate "2004.08.26"]
[EventType "swiss"]
[EventRounds "7"]
[EventCountry "GER"]
[Source "Th. Schwetlick"]
[SourceDate "2004.09.01"]

1. f4 d5 2. e3 Nf6 3. Nf3 c5 4. d3 Nc6 5. Be2 Qc7 6. O-O e5 7. Nc3 a6 8. a3
exf4 9. exf4 Bd6 10. g3 O-O 11. Qe1 Re8 12. Qf2 Bh3 13. Re1 Ng4 14. Nxd5 Qd8
0-1

[Event "Open 2004 des PSV Rostock"]
[Site "Rostock"]
[Date "2004.08.27"]
[Round "4.29"]
[White "Ernst, Mathias"]
[Black "Heinisch, Uwe"]
[Result "1/2-1/2"]
[WhiteElo "1713"]
[BlackElo "1587"]
[PlyCount "40"]
[EventDate "2004.08.26"]
[EventType "swiss"]
[EventRounds "7"]
[EventCountry "GER"]
[Source "Th. Schwetlick"]
[SourceDate "2004.09.01"]

1. e4 d6 2. d4 Nf6 3. Nc3 c6 4. Bd3 e5 5. Be3 Be7 6. Qd2 Ng4 7. Nf3 Nxe3 8.
Qxe3 Nd7 9. O-O-O Qa5 10. h4 Nf8 11. dxe5 dxe5 12. Nd2 Be6 13. Bc4 Qc5 14. Qxc5
Bxc5 15. Bxe6 Nxe6 16. Nc4 f6 17. Na4 Be7 18. Nc3 Rd8 19. Rxd8+ Kxd8 20. f3 Kc7
1/2-1/2

[Event "Open 2004 des PSV Rostock"]
[Site "Rostock"]
[Date "2004.08.27"]
[Round "4.30"]
[White "Fischer, Joachim"]
[Black "Krieg, Peter"]
[Result "1-0"]
[WhiteElo "1442"]
[BlackElo "1712"]
[PlyCount "47"]
[EventDate "2004.08.26"]
[EventType "swiss"]
[EventRounds "7"]
[EventCountry "GER"]
[Source "Th. Schwetlick"]
[SourceDate "2004.09.01"]

1. e4 e5 2. Nc3 Nf6 3. f4 d5 4. fxe5 Nxe4 5. d3 Nxc3 6. bxc3 d4 7. Nf3 Bg4 8.
Be2 Nc6 9. Bf4 Be7 10. O-O O-O 11. c4 Na5 12. Qe1 c5 13. Qg3 Qd7 14. Rae1 Nc6
15. Nd2 Bf5 16. Bf3 Qd8 17. Ne4 Bh4 18. Nf6+ Bxf6 19. exf6 Qxf6 20. Bd5 Rfe8
21. Bd6 Nb4 22. Be5 Qg6 23. Rxf5 Qxf5 24. Qxg7# 1-0

[Event "Open 2004 des PSV Rostock"]
[Site "Rostock"]
[Date "2004.08.27"]
[Round "4.32"]
[White "Obodzinskiy, Slava"]
[Black "Ehlers, Michael"]
[Result "0-1"]
[WhiteElo "1201"]
[BlackElo "1592"]
[PlyCount "86"]
[EventDate "2004.08.26"]
[EventType "swiss"]
[EventRounds "7"]
[EventCountry "GER"]
[Source "Th. Schwetlick"]
[SourceDate "2004.09.01"]

1. e4 c5 2. Nf3 Nc6 3. d4 cxd4 4. Nxd4 Nf6 5. Nc3 e6 6. Bg5 Be7 7. Be2 Nxe4 8.
Bxe7 Nxc3 9. Bxd8 Nxd1 10. Rxd1 Kxd8 11. a3 Ke7 12. O-O d5 13. Rfe1 Rd8 14. c4
Nxd4 15. Rxd4 dxc4 16. Rxd8 Kxd8 17. Bxc4 Ke7 18. Rc1 Bd7 19. Bd3 Rc8 20. Rxc8
Bxc8 21. Be4 b6 22. f3 Ba6 23. Kf2 Kd6 24. Ke3 Bf1 25. g3 h6 26. f4 Bc4 27. b4
Bd5 28. Bd3 f6 29. Be2 e5 30. fxe5+ Kxe5 31. Bg4 f5 32. Be2 g5 33. Bf1 Bc6 34.
Kd2 f4 35. Ke2 Bb5+ 36. Kf2 Bxf1 37. Kxf1 fxg3 38. hxg3 Ke4 39. Kg2 Ke3 40. Kh3
Kf3 41. b5 g4+ 42. Kh4 h5 43. a4 Kf2 0-1